Hadid: Zaha Hadid: complete works, 1979-2009
Guardat en:
| Autor principal: | |
|---|---|
| Format: | Llibre |
| Idioma: | espanyol italià portuguès |
| Publicat: |
Colonia
Taschen
2009
|
| Matèries: | |
| Etiquetes: |
Afegir etiqueta
Sense etiquetes, Sigues el primer a etiquetar aquest registre!
|
MARC
| LEADER | 00000cam a2200000 a 4500 | ||
|---|---|---|---|
| 001 | UCF2642 | ||
| 003 | CL-VaPUC | ||
| 008 | 120830e20090000GW |||||||||||||||||spa|d | ||
| 020 | |a 9783836502955 | ||
| 041 | 0 | 7 | |a spa |2 CL-VaPUC |
| 041 | 0 | 7 | |a ita |2 CL-VaPUC |
| 041 | 0 | 7 | |a por |2 CL-VaPUC |
| 082 | 0 | 4 | |a 724.6 |b JOD |2 21 |
| 100 | |a Jodidio, Philip |e author |9 596614 | ||
| 245 | 1 | 0 | |a Hadid: Zaha Hadid: complete works, 1979-2009 |
| 300 | |a 600 p | ||
| 942 | |c BK | ||
| 945 | |d 20120830 00:00:00 |a dcastane | ||
| 260 | |a Colonia |b Taschen |c 2009 | ||
| 650 | 0 | |a Arquitectos |9 268647 | |
| 650 | 0 | |a Arquitectura contemporánea |9 367350 | |
| 650 | 0 | |a Arquitectura |y Siglo 20 |9 266208 | |
| 650 | 7 | |a ESTILOS ARQUITECTONICOS |2 CL-VaPUC |9 372532 | |
| 583 | |a last modification |c 20120928 09:50:43 |k Rodrigo Vera | ||
| 999 | |c 349183 |d 349181 | ||
| 952 | |0 0 |1 0 |4 0 |6 724_600000000000000_JOD_2009 |7 0 |8 F |9 451671 |a BIBARQ |b BIBARQ |d 2019-11-22 |i 4895878 |l 16 |o 724.6 JOD 2009 |p 4895878 |r 2025-01-20 |s 2022-10-24 |w 2019-11-22 |y BK_F |k ARQ | ||